Chanson de Soy Luna saison 1 - Statistiques

Statistiques générales
  • Ce quiz a été pris 125 fois
  • Le résultat moyen est 9 sur 15
Statistiques - réponses
Hint Réponse % Correct
2 Alas
93%
1 Valiente
93%
3 Eres
81%
4 Prófugos
77%
5 Vuelo
68%
6 Mirame a mi
63%
13 A rodar mi vida
58%
8 Invisible
57%
10 Corazón
56%
11 Un destino
52%
15 Sobre ruedas
50%
14 Siento
49%
9 Chicas así
47%
12 Música en ti
41%
7 Cómo me ves
16%
Aucun quiz correspondant
Distribution des résultats
% des personnes avec chaque résultat
Percentile par nombre de réponses
Votre historique - résultats
Vous n’avez pas pris ce quiz